000
00257 a2200097 4500
001
63266
082
_a
612.4021 EAS
090
_c
37330
_d
37330
245
_a
Applied thermodynamics; For Engineering Technologists
260
_a
New York
_b
Longman Group
_c
1986
942
_a
NUST-CAE
_k
612.4021 EAS
999
_c
298339
_d
298339